Statistics for Paesi senza sbocco sul mare

Click here to take the quiz!

General Stats

  • This quiz has been taken 1,598 times
  • The average score is 33 of 45

Answer Stats

Superficie Paese % Correct
61San Marino
92%
0.44Città del Vaticano
91%
1,564,100Mongolia
90%
41,284Svizzera
90%
83,871Austria
88%
468Andorra
87%
2,724,900Kazakistan
86%
406,752Paraguay
85%
147,181Nepal
83%
1,098,581Bolivia
83%
78,867Repubblica Ceca
83%
2586Lussemburgo
83%
49,035Slovacchia
82%
160Liechtenstein
82%
93,028Ungheria
79%
88,361Serbia
78%
1,267,000Niger
78%
447,400Uzbekistan
77%
1,284,000Ciad
76%
30,355Lesotho
75%
143,100Tagikistan
75%
488,100Turkmenistan
75%
207,600Bielorussia
73%
647,500Afghanistan
73%
1,240,192Mali
73%
25,713Macedonia
72%
10,908Kosovo
69%
38,394Bhutan
69%
199,951Kirghizistan
68%
619,745Sud Sudan
67%
622,984Repubblica Centrafricana
67%
26,338Ruanda
65%
17,364Swaziland
65%
274,222Burkina Faso
63%
33,846Moldavia
63%
29,743Armenia
63%
752,612Zambia
62%
27,834Burundi
62%
241,038Uganda
62%
582,000Botswana
62%
1,104,300Etiopia
61%
118,484Malawi
60%
390,757Zimbabwe
59%
236,800Laos
58%
86,600Azerbaijan
57%

Score Distribution

Percentile by Number Answered

Percent of People with Each Score

Your Score History

You have not taken this quiz